Polyblend systems of polyurethane rubber and silicone rubber in the presence of silane grafting agent (Record no. 65233)

MARC details
000 -LEADER
fixed length control field 00566nam a2200193Ia 4500
100 ## - MAIN ENTRY--AUTHOR NAME
Personal name Maity M
245 #0 - TITLE STATEMENT
Title Polyblend systems of polyurethane rubber and silicone rubber in the presence of silane grafting agent
260 ## - PUBLICATION, DISTRIBUTION, ETC. (IMPRINT)
Name of publisher Journal of Elastomers and Plastics
Year of publication 2001
300 ## - PHYSICAL DESCRIPTION
Number of Pages 211-224
650 ## - SUBJECT ADDED ENTRY--TOPICAL TERM
Topical Term Grafting agent
650 ## - SUBJECT ADDED ENTRY--TOPICAL TERM
Topical Term Interchain crosslinking
650 ## - SUBJECT ADDED ENTRY--TOPICAL TERM
Topical Term Phase morphology
650 ## - SUBJECT ADDED ENTRY--TOPICAL TERM
Topical Term Polyurethane
650 ## - SUBJECT ADDED ENTRY--TOPICAL TERM
Topical Term Silicone rubber
700 ## - ADDED ENTRY--PERSONAL NAME
Personal name Das C K
700 ## - ADDED ENTRY--PERSONAL NAME
Personal name Khatua B B
942 ## - ADDED ENTRY ELEMENTS (KOHA)
Koha item type Journals
Holdings
Withdrawn status Lost status Damaged status Not for loan Home library Current library Shelving location Date acquired Serial Enumeration / chronology Koha item type
      Journals RRII Library RRII Library Rubber chemistry 17/12/2021 Volume 33, Issue 3 Journals